000 00710nam a2200289Ia 4500
005 20260324130009.0
008 008 260324s9999 xx 000 0 eng d
020 _a9780203890653
037 _aEBOOK
040 _aCRL
040 _beng
040 _cCRL
041 _2eng
041 _aeng
084 _qCRL
100 _aHarald Fischer-Tiné; Susanne Gehrmann
_91180128
245 0 _aEmpires and Boundaries
245 0 _bRace, Class, and Gender in Colonial Settings
260 _bTaylor and Francis
260 _c2008
365 _a
365 _b240
856 _uhttp://www.taylorfrancis.com/books/9780203890653
942 _cEBOOK
999 _c1775864
_d1775864